000 01525nam a2200457 i 4500
999 _c44514
_d44514
001 44514
003 ES-MaCES
005 20210316111956.0
008 140327s2013 sp 001 0 spa d
017 _aAB 491-2013
020 _a9788415923305
040 _aES-MaCES
_bspa
_cES-MaCES
245 0 0 _aSalud en el trabajo y riesgos laborales emergentes
_cMargarita Isabel Ramos Quintana (dir.) ; María del Carmen Grau Pineda (coord.) ; [autores], Antonio Ojeda Aviles ... [et al.]
250 _a1ª ed
260 _aAlbacete
_bBomarzo
_c2013
300 _a177 p.
_c24 cm
490 1 _aColección Estudios
504 _aBibliografía
541 _cCompra
650 4 _928348
_aseguridad en el trabajo
650 4 _928347
_asalud en el trabajo
650 4 _928361
_aconvenio colectivo
650 4 _928362
_anegociación colectiva
650 4 _928327
_acondiciones de trabajo
650 4 _928344
_atensión psicológica
650 4 _931076
_aestrés
650 4 _930708
_aacoso laboral
650 4 _929563
_atrabajo clandestino
650 4 _927303
_aconciliación
650 4 _927318
_afamilia
650 4 _930732
_aevaluación del impacto
650 _926964
_aEspaña
650 _929894
_arégimen jurídico
653 _aSalud
700 1 _921721
_aRamos Quintana, Margarita Isabel
_edir.
700 1 _aGrau Pineda, Carmen
_ecol.
_914062
700 1 _919879
_aOjeda Avilés, Antonio
830 0 _aColección Estudios (Editorial Bomarzo)
_939568
902 _aLIB Libro
942 _cBK
_2CES
_h3.1.